Teoría y problemas de Química general

Saved in:
Bibliographic Details
Main Author: Schaum, Daniel
Other Authors: Rosenberg, Jerome Laib
Format: Book
Language:Spanish
Published: Ciudad de México, México McGraw-Hill 1970
Subjects:
Tags: Add Tag
No Tags, Be the first to tag this record!

MARC

LEADER 00000nam a2200000 a 4500
001 UCV3943
003 CL-VaPUC
005 20200712155418.0
008 880905e19700000MX |||||||||||||||||spa|d
999 |c 211021  |d 211019 
040 |c Pontificia Universidad Católica de Valparaíso 
082 0 4 |a 540.76 SCH 1970  |2 21 
100 0 |a Schaum, Daniel  |9 298329 
245 1 0 |a Teoría y problemas de Química general 
260 0 3 |a Ciudad de México, México  |b McGraw-Hill  |c 1970 
300 |a 246 páginas 
583 |a last modification  |c 20130712 05:10:22  |k Rodrigo Vera 
650 7 |a QUIMICA PROBLEMAS, EJERCICIOS, ETC  |2 CL-VaPUC  |9 260099 
700 0 |a Rosenberg, Jerome Laib  |9 298330 
942 |c BK  |2 ddc 
945 |d 19880905 00:00:00 
952 |0 0  |1 0  |2 ddc  |4 0  |6 540_760000000000000_SCH_1970  |7 0  |8 A  |9 188377  |a BIBING  |b BIBING  |c RES  |d 2019-11-14  |i 2559714  |l 1  |o 540.76 SCH 1970  |p 2559714  |r 2025-01-20  |s 2024-03-28  |t 9  |w 2019-11-14  |y BK  |k ING 
952 |0 0  |1 0  |2 ddc  |4 0  |6 540_760000000000000_SCH_1970  |7 0  |8 A  |9 188378  |a BIBING  |b BIBING  |c RES  |d 2019-11-14  |i 2559722  |l 3  |o 540.76 SCH 1970  |p 2559722  |r 2025-01-20  |s 2024-03-15  |t 10  |w 2019-11-14  |y BK  |k ING 
952 |0 0  |1 0  |2 ddc  |4 0  |6 540_760000000000000_SCH_1970  |7 0  |8 A  |9 188379  |a BIBING  |b BIBING  |c RES  |d 2019-11-14  |i 2559730  |o 540.76 SCH 1970  |p 2559730  |r 2025-01-20  |t 11  |w 2019-11-14  |y BK  |k ING 
952 |0 0  |1 0  |2 ddc  |4 0  |6 540_760000000000000_SCH_1970  |7 0  |8 A  |9 188380  |a BIBING  |b BIBING  |c RES  |d 2019-11-14  |i 2559757  |o 540.76 SCH 1970  |p 2559757  |r 2025-01-20  |t 12  |w 2019-11-14  |y BK  |k ING 
952 |0 0  |1 0  |2 ddc  |4 0  |6 540_760000000000000_SCH_1970  |7 0  |8 A  |9 188381  |a BIBCUR  |b BIBCUR  |d 2019-11-14  |i 1749358  |o 540.76 SCH 1970  |p 1749358  |r 2025-04-22  |t 1  |w 2019-11-14  |y BK  |k BCB 
952 |0 0  |1 0  |2 ddc  |4 0  |6 540_760000000000000_SCH_1970  |7 0  |8 A  |9 188382  |a BIBCUR  |b BIBCUR  |d 2019-11-14  |i 1782002  |o 540.76 SCH 1970  |p 1782002  |r 2025-04-22  |t 2  |w 2019-11-14  |y BK  |k BCB 
952 |0 0  |1 0  |2 ddc  |4 0  |6 540_760000000000000_SCH_1970  |7 0  |8 A  |9 188384  |a BIBCUR  |b BIBCUR  |d 2019-11-14  |i 1782037  |o 540.76 SCH 1970  |p 1782037  |r 2025-04-22  |t 4  |w 2019-11-14  |y BK  |k BCB 
952 |0 0  |1 0  |2 ddc  |4 0  |6 540_760000000000000_SCH_1970  |7 0  |8 A  |9 188385  |a BIBCUR  |b BIBCUR  |d 2019-11-14  |i 178241K  |o 540.76 SCH 1970  |p 178241K  |r 2025-04-22  |t 5  |w 2019-11-14  |y BK  |k BIO 
952 |0 0  |1 0  |2 ddc  |4 0  |6 540_760000000000000_SCH_1970  |7 0  |8 A  |9 188386  |a BIBCUR  |b BIBCUR  |d 2019-11-14  |i 4078942  |o 540.76 SCH 1970  |p 4078942  |r 2025-04-22  |t 6  |w 2019-11-14  |y BK  |k BCB